[Event "BRA-ch 88th"]
[Site "Recife"]
[Date "2022.12.22"]
[Round "10"]
[White "Alves Campelo, Danilo Cesar De"]
[Black "Teixeira, Arthur Belfort"]
[Result "1-0"]
[WhiteElo "2070"]
[BlackElo "1718"]
[PlyCount "59"]
[EventDate "2022.12.15"]
[EventType "swiss"]
[EventRounds "11"]
[EventCountry "BRA"]
[SourceTitle "CBM 212 Extra"]
[Source "ChessBase"]
[SourceDate "2023.03.31"]
[SourceVersion "1"]
[SourceVersionDate "2023.03.31"]
[SourceQuality "1"]

1. e4 c5 2. Nf3 d6 3. d4 cxd4 4. Nxd4 Nf6 5. Nc3 a6 6. Bg5 e6 7. f4 Be7 8. Qf3 Qc7 9. 0-0-0 Nbd7 10. g4 b5 11. Bxf6 Nxf6 12. g5 Nd7 13. f5 Ne5 14. Qg3 b4 15. Nce2 exf5 16. Nxf5 g6 17. Nxe7 Qxe7 18. Nf4 Bb7 19. Rd4 0-0 20. Bh3 Rab8 21. Rhd1 Rfd8 22. Rxb4 Bxe4 23. Rxe4 Qb7 24. Nd5 Qxb2+ 25. Kd2 Rb5 26. Nf6+ Kg7 27. Qc3 d5 28. Rxe5 Qxc3+ 29. Kxc3 d4+ 30. Rxd4 1-0

[Event "BRA-ch 88th"]
[Site "Recife"]
[Date "2022.12.21"]
[Round "9"]
[White "Teixeira, Arthur Belfort"]
[Black "Macedo, Maximo Valerio"]
[Result "1-0"]
[WhiteElo "1718"]
[BlackElo "1842"]
[PlyCount "55"]
[EventDate "2022.12.15"]
[EventType "swiss"]
[EventRounds "11"]
[EventCountry "BRA"]
[SourceTitle "CBM 212 Extra"]
[Source "ChessBase"]
[SourceDate "2023.03.31"]
[SourceVersion "1"]
[SourceVersionDate "2023.03.31"]
[SourceQuality "1"]

1. e4 c5 2. Nf3 d6 3. d4 cxd4 4. Nxd4 Nf6 5. Nc3 a6 6. Be2 e6 7. Be3 Be7 8. g4 Nfd7 9. Qd2 Qc7 10. 0-0-0 Nb6 11. f4 Nc4 12. Bxc4 Qxc4 13. f5 b5 14. Kb1 e5 15. Nb3 a5 16. Nd5 Bd8 17. Bb6 Ra6 18. Bxd8 Kxd8 19. Qg5+ f6 20. Qxg7 Re8 21. Qxf6+ Kd7 22. Qf7+ Kd8 23. Rd3 b4 24. Rh3 Rc6 25. Rc1 Bd7 26. Nxa5 Qxe4 27. Nxc6+ Nxc6 28. Qxd7+ 1-0

[Event "BRA-ch 88th"]
[Site "Recife"]
[Date "2022.12.20"]
[Round "8"]
[White "De Souza, Joao Victor Soares"]
[Black "Teixeira, Arthur Belfort"]
[Result "0-1"]
[WhiteElo "1800"]
[BlackElo "1718"]
[PlyCount "96"]
[EventDate "2022.12.15"]
[EventType "swiss"]
[EventRounds "11"]
[EventCountry "BRA"]
[SourceTitle "CBM 212 Extra"]
[Source "ChessBase"]
[SourceDate "2023.03.31"]
[SourceVersion "1"]
[SourceVersionDate "2023.03.31"]
[SourceQuality "1"]

1. e4 c5 2. Nf3 d6 3. d4 cxd4 4. Nxd4 Nf6 5. Nc3 a6 6. Be2 e5 7. Nb3 Be7 8. Be3 Be6 9. 0-0 0-0 10. f4 exf4 11. Bxf4 Nc6 12. Qe1 Ne5 13. Qg3 Ng6 14. Be3 Qc7 15. Rad1 b5 16. Bd3 Ne5 17. Nd4 Kh8 18. Nf5 Nh5 19. Qh3 g6 20. Nd5 Bxd5 21. exd5 Rfe8 22. Nh6 Bf8 23. g4 Qd7 24. Bf5 gxf5 25. Nxf5 Ng7 26. Nh6 Nh5 27. Qxh5 Bxh6 28. Bxh6 Qxg4+ 29. Qxg4 Nxg4 30. Bf4 Kg7 31. Rfe1 Ne5 32. Kf2 f6 33. Rg1+ Kf7 34. Rg3 Rac8 35. c3 Rg8 36. Rh3 Rg7 37. Ke3 Nc4+ 38. Ke4 Nxb2 39. Rf1 Nc4 40. Kf5 Rc5 41. Rd1 Rc8 42. Rh6 Re8 43. Rxf6+ Kg8 44. Re6 Rf8+ 45. Ke4 Rg4 46. Rf1 Nd2+ 47. Kd3 Nxf1 48. Bxd6 Rf3+ 0-1

[Event "BRA-ch 88th"]
[Site "Recife"]
[Date "2022.12.16"]
[Round "2"]
[White "Trindade, Ewerton de Lima"]
[Black "Teixeira, Arthur Belfort"]
[Result "0-1"]
[WhiteElo "1800"]
[BlackElo "1718"]
[PlyCount "23"]
[EventDate "2022.12.15"]
[EventType "swiss"]
[EventRounds "11"]
[EventCountry "BRA"]
[SourceTitle "CBM 212 Extra"]
[Source "ChessBase"]
[SourceDate "2023.03.31"]
[SourceVersion "1"]
[SourceVersionDate "2023.03.31"]
[SourceQuality "1"]

1. c4 Nf6 2. Nf3 e6 3. g3 d5 4. b4 Be7 5. Bg2 0-0 6. Bb2 Nbd7 7. 0-0 b5 8. Nc3 Bb7 9. d4 c5 10. e3 Rc8 11. Qe2 cxd4 12. Nxd4 0-1

[Event "BRA-ch U26"]
[Site "Brasilia"]
[Date "2022.09.21"]
[Round "2"]
[White "Dos Santos, Joao Mateus Araujo"]
[Black "Teixeira, Arthur Belfort"]
[Result "1/2-1/2"]
[WhiteElo "1932"]
[BlackElo "1707"]
[PlyCount "126"]
[EventDate "2022.09.20"]
[EventType "swiss"]
[EventRounds "6"]
[EventCountry "BRA"]
[SourceTitle "EXT 2024"]
[Source "ChessBase"]
[SourceDate "2023.10.10"]
[SourceVersion "1"]
[SourceVersionDate "2023.10.10"]
[SourceQuality "1"]

1. d4 Nf6 2. Nf3 d5 3. c4 c6 4. Nc3 e6 5. Bg5 Nbd7 6. e3 a6 7. Rc1 Be7 8. Bd3 dxc4 9. Bxc4 b5 10. Bd3 Bb7 11. e4 h6 12. Bh4 0-0 13. 0-0 Rc8 14. e5 Nd5 15. Bxe7 Nxc3 16. Bh7+ Kh8 17. Be4 Nxd1 18. Bxd8 Nxb2 19. Ba5 Nc4 20. Rxc4 bxc4 21. Rc1 Ba8 22. Rxc4 Rb8 23. h3 Rfc8 24. Bb4 c5 25. dxc5 Bxe4 26. Rxe4 Nxc5 27. Rd4 Kh7 28. a3 Nb3 29. Rd7 Kg6 30. Bd6 Nc5 31. Nh4+ Kh5 32. Rxf7 Rb1+ 33. Kh2 Rb7 34. Be7 Rxe7 35. Rxe7 Kxh4 36. Rxg7 Rd8 37. g3+ Kh5 38. h4 Rd7 39. Rg8 Ne4 40. Kg2 Rd2 41. Kf3 Nxf2 42. Re8 Ng4 43. Rxe6 Rd3+ 44. Kf4 Rxa3 45. Rc6 Rf3+ 46. Ke4 Re3+ 47. Kf4 Rxe5 48. Rxa6 Rb5 49. Rd6 Nf2 50. Rd8 Kg6 51. Rd6+ Kg7 52. Rd4 Rb4 53. Rxb4 Nd3+ 54. Kg4 Nxb4 55. Kh5 Nd5 56. Kg4 Kg6 57. Kf3 Kf5 58. g4+ Kg6 59. Ke4 Nc3+ 60. Kd3 Nd1 61. Ke2 Nc3+ 62. Kd3 Nd5 63. Ke4 Nc3+ 1/2-1/2